Missing Word: Fantasy Movies Based On Books Quiz Stats

 Plays Quiz Updated May 3, 2018

Score 0/16 Timer 03:00
0 Plays Today
Movie Missing Word % Correct
____ in WonderlandAlice
99.8%
Willy Wonka and the ____ FactoryChocolate
98.6%
____ of the Rings: The Fellowship of the RingLord
98.2%
____ PoppinsMary
98%
The _____ of OzWizard
98%
Harry Potter and the Sorcerer's ____Stone
94.4%
The NeverEnding ____Story
91.8%
____ HollowSleepy
90.5%
Movie Missing Word % Correct
The ____ Case of Benjamin ButtonCurious
88.7%
The _____ of Narnia: The Lion, the Witch, and the WardrobeChronicles
86.3%
The ____ BridePrincess
86.2%
____ to TerabithiaBridge
83.3%
The ____ BonesLovely
70.5%
The ____ TowerDark
55.4%
Big ____Fish
52.3%
A Monster ____Calls
32.2%

Today's Daily Dose

Missing Word
Animated TV Series

Word Ladder
Boston

Quick Pick
'H' Literature

On This Day
August 16th II

You're not logged in!

Compare scores with friends on all Sporcle quizzes.
Join for Free
OR
Log In

You Might Also Like...

Show Comments

Extras

Top Quizzes Today


Score Distribution

Your Account Isn't Verified!

In order to create a playlist on Sporcle, you need to verify the email address you used during registration. Go to your Sporcle Settings to finish the process.

Report this User

Report this user for behavior that violates our Community Guidelines.

Details: